[Event "Aragon-chT Honor Gr I"]
[Site "Aragon"]
[Date "2023.02.11"]
[Round "3.20"]
[White "Felez Casedas, Carlos"]
[Black "Fuertes Garay, Javier"]
[Result "1/2-1/2"]
[WhiteElo "1940"]
[BlackElo "1994"]
[PlyCount "125"]
[EventDate "2023.01.28"]
[EventType "team-tourn"]
[EventRounds "7"]
[EventCountry "ESP"]
[SourceTitle "EXT 2024"]
[Source "ChessBase"]
[SourceDate "2023.10.10"]
[SourceVersion "1"]
[SourceVersionDate "2023.10.10"]
[SourceQuality "1"]
[WhiteTeam "La Aurora Estadilla"]
[BlackTeam "Aragon ONCE"]
[WhiteTeamCountry "ESP"]
[BlackTeamCountry "ESP"]

1. Nf3 Nf6 2. b3 e6 3. Bb2 Be7 4. e3 0-0 5. Be2 c5 6. 0-0 d5 7. d3 b6 8. Nbd2 Bb7 9. Ne5 Nbd7 10. f4 Nxe5 11. fxe5 Nd7 12. Bg4 Bg5 13. Qe2 Qe7 14. Nf3 Bh6 15. Rae1 Rac8 16. c4 Rcd8 17. Kh1 Nb8 18. Nd2 Rd7 19. cxd5 Bxd5 20. Bf3 Rfd8 21. Ne4 Bxe4 22. Bxe4 g6 23. Rf3 Bg7 24. Ref1 Qg5 25. Rg3 Qe7 26. Rgf3 Qg5 27. Rg3 Qe7 28. Qg4 Na6 29. Rgf3 Qf8 30. a3 Nc7 31. Rh3 Qe7 32. Rhf3 Qf8 33. h4 Bh8 34. h5 Qh6 35. Rh3 Qg7 36. hxg6 fxg6 37. Rf6 Rf7 38. Bxg6 Rxf6 39. exf6 Qxg6 40. Qxg6+ hxg6 41. f7+ Kxf7 42. Rh7+ Ke8 43. Rxh8+ Kd7 44. Rxd8+ Kxd8 45. Kg1 Kd7 46. Be5 Nd5 47. Kf2 b5 48. e4 Ne7 49. Ke3 Nc6 50. Bc3 b4 51. axb4 cxb4 52. Bd4 Na5 53. Bxa7 Nxb3 54. d4 Na5 55. Kd3 Kc6 56. Bc5 Kb5 57. Bf8 Nc4 58. d5 exd5 59. exd5 Nb6 60. d6 Nd7 61. Bg7 Kc5 62. Bh8 Kd5 63. Bg7 1/2-1/2

[Event "Aragon-chT Honor Gr-B"]
[Site "Aragon"]
[Date "2019.01.26"]
[Round "1.24"]
[White "Fuertes Garay, Javier"]
[Black "Puertolas Serena, Arturo"]
[Result "1-0"]
[WhiteElo "2005"]
[BlackElo "1825"]
[PlyCount "93"]
[EventDate "2019.01.26"]
[EventType "team-tourn"]
[EventRounds "7"]
[EventCountry "ESP"]
[SourceTitle "EXT 2020"]
[Source "ChessBase"]
[SourceDate "2019.10.17"]
[SourceVersion "1"]
[SourceVersionDate "2019.10.17"]
[SourceQuality "1"]
[WhiteTeam "Aragon ONCE"]
[BlackTeam "La Aurora Estadilla"]
[WhiteTeamCountry "ESP"]
[BlackTeamCountry "ESP"]

1. e4 e6 2. d4 d5 3. Nd2 Nf6 4. Bd3 c5 5. e5 Nfd7 6. c3 Nc6 7. Ne2 cxd4 8. cxd4 Qb6 9. Nf3 f6 10. exf6 Nxf6 11. 0-0 Bd6 12. b3 e5 13. dxe5 Nxe5 14. Nxe5 Bxe5 15. Rb1 0-0 16. Bf4 Qd6 17. Bxe5 Qxe5 18. Ng3 Qg5 19. f3 h5 20. Qc1 Qe5 21. Re1 Qd4+ 22. Qe3 Qxe3+ 23. Rxe3 Bd7 24. Bg6 Be8 25. Bf5 g6 26. Bh3 Bd7 27. Bxd7 Nxd7 28. Ne2 Rac8 29. Nd4 Rfe8 30. Rxe8+ Rxe8 31. Rd1 Nf6 32. Kf2 Rc8 33. Rd2 a6 34. Ne6 Kf7 35. Nf4 g5 36. Ne2 g4 37. Nf4 gxf3 38. gxf3 Rc5 39. Ke2 b5 40. Nd3 Rc7 41. Nb4 Re7+ 42. Kd3 a5 43. Nc6 Rc7 44. Nxa5 b4 45. Rc2 Rd7 46. Nc6 h4 47. Ne5+ 1-0

[Event "Aragon-chT Honor Descenso"]
[Site "Aragon"]
[Date "2018.03.24"]
[Round "9.32"]
[White "Fuertes Garay, Javier"]
[Black "Carbonel Sanchez, Andres"]
[Result "0-1"]
[WhiteElo "2040"]
[BlackElo "1740"]
[PlyCount "54"]
[EventDate "2018.03.17"]
[EventType "team-tourn"]
[EventRounds "10"]
[EventCountry "ESP"]
[SourceTitle "EXT 2019"]
[Source "ChessBase"]
[SourceDate "2018.10.10"]
[SourceVersion "1"]
[SourceVersionDate "2018.10.10"]
[SourceQuality "1"]
[WhiteTeam "Aragon ONCE"]
[BlackTeam "Tauste"]
[WhiteTeamCountry "ESP"]
[BlackTeamCountry "ESP"]

1. e4 c5 2. Nf3 Nc6 3. d4 cxd4 4. Nxd4 e5 5. Nb5 a6 6. Nd6+ Bxd6 7. Qxd6 Qf6 8. Qd1 Qg6 9. Nc3 Nf6 10. f3 0-0 11. Be3 d5 12. Nxd5 Nxd5 13. exd5 Nb4 14. Bd3 Qxg2 15. Rg1 Qxh2 16. a3 Nxd5 17. Bf2 Nf4 18. Qd2 g6 19. 0-0-0 Nxd3+ 20. cxd3 Be6 21. Rg3 Bb3 22. Rdg1 Rfc8+ 23. Kb1 Rc2 24. Qb4 Rxf2 25. Qxb3 Rc8 26. Qxb7 Rc5 27. a4 Rb5 0-1

[Event "Aragon-chT Honor Gr I"]
[Site "Aragon"]
[Date "2018.03.10"]
[Round "7.28"]
[White "Roque Sola, Gisela"]
[Black "Fuertes Garay, Javier"]
[Result "1-0"]
[WhiteElo "1978"]
[BlackElo "2040"]
[PlyCount "51"]
[EventDate "2018.01.27"]
[EventType "team-tourn"]
[EventRounds "7"]
[EventCountry "ESP"]
[SourceTitle "EXT 2019"]
[Source "ChessBase"]
[SourceDate "2018.10.10"]
[SourceVersion "1"]
[SourceVersionDate "2018.10.10"]
[SourceQuality "1"]
[WhiteTeam "St Casablanca II"]
[BlackTeam "Aragon ONCE"]
[WhiteTeamCountry "ESP"]
[BlackTeamCountry "ESP"]

1. c4 Nf6 2. Nc3 e6 3. e4 d5 4. cxd5 exd5 5. e5 d4 6. exf6 dxc3 7. Bb5+ c6 8. Qe2+ Be6 9. Bc4 Qxf6 10. dxc3 Bd6 11. Nf3 0-0 12. Bxe6 fxe6 13. Bg5 Qf7 14. 0-0-0 Bc7 15. Rhe1 h6 16. Bd2 e5 17. Nxe5 Bxe5 18. Qxe5 Qxa2 19. Qg3 Qf7 20. Bxh6 Na6 21. Rd6 Kh7 22. Qd3+ Kh8 23. Ree6 Nc5 24. Bxg7+ Qxg7 25. Rh6+ Kg8 26. Qc4+ 1-0

[Event "Aragon-chT Honor Gr I"]
[Site "Aragon"]
[Date "2018.02.24"]
[Round "5.20"]
[White "Gella Lopez, Angel"]
[Black "Fuertes Garay, Javier"]
[Result "1-0"]
[WhiteElo "2110"]
[BlackElo "2040"]
[PlyCount "89"]
[EventDate "2018.01.27"]
[EventType "team-tourn"]
[EventRounds "7"]
[EventCountry "ESP"]
[SourceTitle "EXT 2019"]
[Source "ChessBase"]
[SourceDate "2018.10.10"]
[SourceVersion "1"]
[SourceVersionDate "2018.10.10"]
[SourceQuality "1"]
[WhiteTeam "Huesca Club Atletismo"]
[BlackTeam "Aragon ONCE"]
[WhiteTeamCountry "ESP"]
[BlackTeamCountry "ESP"]

1. d4 Nf6 2. c4 c5 3. d5 e6 4. Nc3 exd5 5. cxd5 d6 6. e4 g6 7. Bd3 Bg7 8. h3 0-0 9. Bg5 h6 10. Be3 a6 11. a4 Nbd7 12. Nf3 Re8 13. 0-0 b6 14. Re1 Bb7 15. Bf4 Qc7 16. Qd2 Kh7 17. b3 Rad8 18. Rad1 Nh5 19. Bh2 Ne5 20. Nxe5 Bxe5 21. Bxe5 Rxe5 22. f4 Re7 23. Be2 Ng7 24. Bf3 Qd7 25. e5 Ne8 26. Ne4 dxe5 27. d6 Re6 28. fxe5 Rxe5 29. Nf6+ Nxf6 30. Rxe5 Bxf3 31. gxf3 Qxh3 32. Qg2 Qc8 33. Re7 Rd7 34. Qe2 Qd8 35. Qe5 Ng8 36. Re8 Qf6 37. Qxf6 Nxf6 38. Rb8 b5 39. axb5 axb5 40. Rxb5 Rd8 41. Rxc5 Nd7 42. Rc7 g5 43. Re1 Nb6 44. d7 Nd5 45. Re8 1-0

[Event "Aragon-chT Honor Gr I"]
[Site "Aragon"]
[Date "2018.02.03"]
[Round "2.12"]
[White "Andreu Sin, Raul"]
[Black "Fuertes Garay, Javier"]
[Result "1-0"]
[WhiteElo "2041"]
[BlackElo "2040"]
[PlyCount "86"]
[EventDate "2018.01.27"]
[EventType "team-tourn"]
[EventRounds "7"]
[EventCountry "ESP"]
[SourceTitle "EXT 2019"]
[Source "ChessBase"]
[SourceDate "2018.10.10"]
[SourceVersion "1"]
[SourceVersionDate "2018.10.10"]
[SourceQuality "1"]
[WhiteTeam "Barbastro"]
[BlackTeam "Aragon ONCE"]
[WhiteTeamCountry "ESP"]
[BlackTeamCountry "ESP"]

1. d4 Nf6 2. c4 c5 3. d5 e6 4. Nc3 exd5 5. cxd5 d6 6. e4 g6 7. Bd3 Bg7 8. Nge2 0-0 9. 0-0 a6 10. a4 Nbd7 11. f4 Qc7 12. Ng3 b6 13. Be3 Bb7 14. Qf3 Rac8 15. Nge2 h5 16. h3 Rfe8 17. Bc2 Qd8 18. Bf2 Qc7 19. Rad1 Qb8 20. Bh4 Nh7 21. Ng3 b5 22. axb5 axb5 23. Nxh5 gxh5 24. Qxh5 Ndf6 25. Qf5 b4 26. Bxf6 Nxf6 27. Ne2 Ba6 28. Rf2 Bxe2 29. Rxe2 Qb5 30. Re3 Qd7 31. Qg5 Nh7 32. Qh5 Nf8 33. Rg3 f6 34. Qh4 Qe7 35. Rdd3 c4 36. Rxg7+ Qxg7 37. Rg3 b3 38. Rxg7+ Kxg7 39. Bd1 c3 40. Qg3+ Kh8 41. bxc3 b2 42. Bc2 Ra8 43. Qd3 Rec8 1-0

[Event "Aragon-chT Honor Titulo"]
[Site "Aragon"]
[Date "2017.03.18"]
[Round "8.11"]
[White "Lopez Gracia, Fernando"]
[Black "Fuertes Garay, Javier"]
[Result "1-0"]
[WhiteElo "2302"]
[BlackElo "2085"]
[PlyCount "79"]
[EventDate "2017.02.25"]
[EventType "team-tourn"]
[EventRounds "10"]
[EventCountry "ESP"]
[SourceTitle "EXT 2018"]
[Source "ChessBase"]
[SourceDate "2017.10.13"]
[SourceVersion "1"]
[SourceVersionDate "2017.10.13"]
[SourceQuality "1"]
[WhiteTeam "St Casablanca"]
[BlackTeam "Aragon ONCE"]
[WhiteTeamCountry "ESP"]
[BlackTeamCountry "ESP"]

1. e4 e5 2. Nf3 Nc6 3. Bb5 a6 4. Ba4 Nf6 5. Qe2 b5 6. Bb3 Be7 7. 0-0 d6 8. c3 0-0 9. Rd1 Bg4 10. h3 Bh5 11. d3 Na5 12. Bc2 c5 13. Nbd2 Qc7 14. Nf1 Nc6 15. g4 Bg6 16. Ng3 h6 17. Kh1 Rad8 18. Rg1 d5 19. Nf5 Rfe8 20. N3h4 dxe4 21. dxe4 Nh7 22. Nxe7+ Qxe7 23. Nf5 Qf6 24. a4 c4 25. Be3 Rd7 26. Kh2 Red8 27. Rg3 Nf8 28. g5 Qe6 29. gxh6 Nh7 30. Nxg7 Qe7 31. Nf5 Qf6 32. axb5 axb5 33. Qg4 Kh8 34. Ra6 Rb8 35. h4 Rc7 36. Ng7 Nf8 37. h5 Bh7 38. Rf3 Qe7 39. Nf5 Qf6 40. Nd6 1-0

[Event "Aragon-ch Absoluto"]
[Site "Zaragoza"]
[Date "2001.10.21"]
[Round "2"]
[White "Fuertes Garay, Javier"]
[Black "Solano Lasierra, Javier"]
[Result "0-1"]
[WhiteElo "2155"]
[BlackElo "2058"]
[PlyCount "60"]
[EventDate "2001.10.20"]
[EventType "swiss"]
[EventRounds "9"]
[EventCountry "ESP"]
[SourceTitle "EXT 2003"]
[Source "ChessBase"]
[SourceDate "2002.11.25"]
[SourceVersion "1"]
[SourceVersionDate "2002.11.25"]
[SourceQuality "1"]

1. e4 e5 2. Nf3 Nf6 3. Nxe5 d6 4. Nxf7 Kxf7 5. d4 Qe8 6. Nc3 g6 7. Qf3 Bg7 8. Bg5 c6 9. 0-0-0 b5 10. Bxf6 Bxf6 11. e5 dxe5 12. Nxb5 Qe7 13. Nc3 exd4 14. Rxd4 Kg7 15. Re4 Qf7 16. Bc4 Bg5+ 17. Kb1 Qxf3 18. gxf3 Bf5 19. Re2 Nd7 20. h4 Bf6 21. Ne4 Ne5 22. Ba6 Nxf3 23. Nxf6 Kxf6 24. Bb7 Rab8 25. Bxc6 Nd4 26. Rd2 Nxc2 27. Rc1 Rhc8 28. Rd6+ Ke7 29. Rd7+ Bxd7 30. Bxd7 Kxd7 0-1

[Event "Balaguer op"]
[Site "Balaguer"]
[Date "2001.??.??"]
[Round "8"]
[White "Fuertes Garay, Javier"]
[Black "Berzinsh, Roland"]
[Result "0-1"]
[WhiteElo "2135"]
[BlackElo "2460"]
[PlyCount "46"]
[EventDate "2001.??.??"]
[EventType "swiss"]
[EventRounds "9"]
[EventCountry "ESP"]
[SourceTitle "EXT 2002"]
[Source "ChessBase"]
[SourceDate "2001.11.25"]
[SourceVersion "1"]
[SourceVersionDate "2001.11.25"]
[SourceQuality "1"]

1. e4 e5 2. Nf3 Nc6 3. Bb5 a6 4. Ba4 Nf6 5. 0-0 Be7 6. Re1 b5 7. Bb3 0-0 8. a4 Bb7 9. d3 Re8 10. Ng5 d5 11. exd5 Nd4 12. Ba2 Nxd5 13. Ne4 Nb4 14. c3 Nxa2 15. Rxa2 Qd5 16. c4 bxc4 17. Nbc3 Qc6 18. f3 cxd3 19. Qxd3 Rad8 20. Qf1 f5 21. Ng3 Bc5 22. Qc4+ Kh8 23. Kh1 Nxf3 0-1

[Event "San Jose op"]
[Site "San Jose"]
[Date "1998.??.??"]
[Round "7"]
[White "Garcia Valer, Jesus Victoriano"]
[Black "Fuertes Garay, Javier"]
[Result "0-1"]
[WhiteElo "1950"]
[BlackElo "2140"]
[PlyCount "76"]
[EventDate "1998.??.??"]
[EventType "swiss"]
[EventRounds "9"]
[EventCountry "ESP"]
[SourceTitle "EXT 2000"]
[Source "ChessBase"]
[SourceDate "1999.11.16"]
[SourceVersion "1"]
[SourceVersionDate "1999.11.16"]
[SourceQuality "1"]

1. d4 Nf6 2. Nf3 g6 3. g3 Bg7 4. Bg2 0-0 5. 0-0 d5 6. Nbd2 Bf5 7. Re1 Nbd7 8. Nh4 Bg4 9. h3 Be6 10. c3 c6 11. Nhf3 Nb6 12. Nb3 Ne4 13. Nfd2 Nd6 14. Nc5 Bf5 15. e4 dxe4 16. Ndxe4 Nd5 17. Nxd6 exd6 18. Nxb7 Qc7 19. Bxd5 cxd5 20. g4 Be6 21. Nxd6 Qxd6 22. Qf3 Rfe8 23. Bf4 Qc6 24. Re2 Bd7 25. Rae1 Rxe2 26. Rxe2 Re8 27. Kg2 Rxe2 28. Qxe2 Qe6 29. Qf3 Bb5 30. Qg3 Qe1 31. Qe3 Qf1+ 32. Kh2 Bf6 33. Qg3 Bd3 34. Bh6 Bd8 35. h4 Be4 36. Qg1 Bc7+ 37. f4 Qf3 38. h5 f5 0-1

[Event "San Jose op"]
[Site "San Jose"]
[Date "1998.??.??"]
[Round "4"]
[White "Gaston Cabello, Jorge Luis"]
[Black "Fuertes Garay, Javier"]
[Result "0-1"]
[WhiteElo "1970"]
[BlackElo "2140"]
[PlyCount "120"]
[EventDate "1998.??.??"]
[EventType "swiss"]
[EventRounds "9"]
[EventCountry "ESP"]
[SourceTitle "EXT 2000"]
[Source "ChessBase"]
[SourceDate "1999.11.16"]
[SourceVersion "1"]
[SourceVersionDate "1999.11.16"]
[SourceQuality "1"]

1. d4 Nf6 2. Nf3 g6 3. c3 Bg7 4. g3 d5 5. Bg2 0-0 6. 0-0 Nbd7 7. Nbd2 c5 8. Re1 cxd4 9. Nxd4 Nc5 10. N4b3 Ne6 11. e4 d4 12. Nxd4 Nxd4 13. cxd4 Qxd4 14. Nb3 Qd8 15. e5 Ng4 16. Qxd8 Rxd8 17. f4 Bf8 18. h3 Nh6 19. g4 Rb8 20. Be3 b6 21. Nd4 Bb7 22. Nc6 Bxc6 23. Bxc6 e6 24. Red1 Be7 25. Kg2 Kf8 26. Kf3 Ng8 27. g5 Bb4 28. a3 Bc5 29. b4 Bxe3 30. Kxe3 h5 31. Rd6 Ne7 32. Be4 Rxd6 33. exd6 Nf5+ 34. Bxf5 gxf5 35. Rc1 Rd8 36. Rc6 Kg7 37. Kd4 f6 38. Rc7+ Kg6 39. gxf6 Kxf6 40. d7 a5 41. bxa5 bxa5 42. Kc5 Ke7 43. Rc8 Rxd7 44. Rh8 Rd3 45. Rxh5 Rxa3 46. Rh7+ Kf6 47. Rh6+ Kf7 48. h4 Rf3 49. h5 Rxf4 50. Rh7+ Kg8 51. Ra7 Re4 52. Kd6 a4 53. h6 f4 54. Rg7+ Kh8 55. Ke7 f3 56. Rf7 Re3 57. Rf4 Kh7 58. Kf6 a3 59. Kg5 Re5+ 60. Kg4 a2 0-1